Skříně výstavní Musea království Českého a Umělecko-průmyslového musea obchodní a živnostenské komory v Praze /

Další autoři: Schulz, Josef, 1840-1917
Jazyk: Čeština
Vydáno: Praha : Česká matice technická, 1900
Edice: Česká matice technická (Česká matice technická)
Témata:
Fyzický popis: 22 s. : 44 tab. ; v. fol.
Knihy
Uloženo v:
LEADER 00916nam a2200241 a 4500
001 000644426
003 CZ BrMZK
005 20100218070623.0
008 030108s1900 xr f cze d
035 |a (OCoLC)85597891 
040 |a BOA001  |b cze  |c BOA001 
245 0 0 |a Skříně výstavní Musea království Českého a Umělecko-průmyslového musea obchodní a živnostenské komory v Praze /  |c upravil Josef Schulz 
260 |a Praha :  |b Česká matice technická,  |c 1900 
300 |a 22 s. :  |b 44 tab. ;  |c v. fol. 
490 1 |a Česká matice technická 
700 1 |a Schulz, Josef,  |d 1840-1917  |7 jk01111163  |4 com 
830 0 |a Česká matice technická (Česká matice technická)  |0 s 
910 |a BOA001  |b 5-0532.618  |b TK-A-0002.146 
920 |a 000938325 
964 |a Bohemika - stol. 19. 
990 |a BK 
993 |a Y 
996 6 |b BC-69512  |c 5-0532.618  |l MZK  |r Sklad / do 1 hodiny  |n 0  |w 000644426  |u 000010  |a 1  |e BOA001  |j MZK50  |s P